<?xml version="1.0" encoding="UTF-8"?>
<record
    xmlns:xsi="http://www.w3.org/2001/XMLSchema-instance"
    xsi:schemaLocation="http://www.loc.gov/MARC21/slim http://www.loc.gov/standards/marcxml/schema/MARC21slim.xsd"
    xmlns="http://www.loc.gov/MARC21/slim">

  <leader>07168cam a2200925Ia 4500</leader>
  <controlfield tag="001">ocn825550689</controlfield>
  <controlfield tag="003">OCoLC</controlfield>
  <controlfield tag="005">20230823104034.0</controlfield>
  <controlfield tag="006">m     o  d        </controlfield>
  <controlfield tag="007">cr cnu|||unuuu</controlfield>
  <controlfield tag="008">130128s2013    enk     ob    001 0 eng d</controlfield>
  <datafield tag="040" ind1=" " ind2=" ">
    <subfield code="a">DG1</subfield>
    <subfield code="b">eng</subfield>
    <subfield code="e">pn</subfield>
    <subfield code="c">DG1</subfield>
    <subfield code="d">YDXCP</subfield>
    <subfield code="d">E7B</subfield>
    <subfield code="d">N$T</subfield>
    <subfield code="d">GWM</subfield>
    <subfield code="d">NOC</subfield>
    <subfield code="d">OCLCO</subfield>
    <subfield code="d">COO</subfield>
    <subfield code="d">OCLCF</subfield>
    <subfield code="d">UKDOC</subfield>
    <subfield code="d">EBLCP</subfield>
    <subfield code="d">MHW</subfield>
    <subfield code="d">DEBSZ</subfield>
    <subfield code="d">OCLCQ</subfield>
    <subfield code="d">TEFOD</subfield>
    <subfield code="d">OCLCQ</subfield>
  </datafield>
  <datafield tag="019" ind1=" " ind2=" ">
    <subfield code="a">827207479</subfield>
    <subfield code="a">900561591</subfield>
  </datafield>
  <datafield tag="020" ind1=" " ind2=" ">
    <subfield code="a">9781118425879</subfield>
    <subfield code="q">(electronic bk.)</subfield>
  </datafield>
  <datafield tag="020" ind1=" " ind2=" ">
    <subfield code="a">1118425871</subfield>
    <subfield code="q">(electronic bk.)</subfield>
  </datafield>
  <datafield tag="020" ind1=" " ind2=" ">
    <subfield code="a">9781118425831</subfield>
    <subfield code="q">(electronic bk.)</subfield>
  </datafield>
  <datafield tag="020" ind1=" " ind2=" ">
    <subfield code="a">1118425839</subfield>
    <subfield code="q">(electronic bk.)</subfield>
  </datafield>
  <datafield tag="020" ind1=" " ind2=" ">
    <subfield code="a">9781118425862</subfield>
    <subfield code="q">(electronic bk.)</subfield>
  </datafield>
  <datafield tag="020" ind1=" " ind2=" ">
    <subfield code="a">1118425863</subfield>
    <subfield code="q">(electronic bk.)</subfield>
  </datafield>
  <datafield tag="020" ind1=" " ind2=" ">
    <subfield code="z">9781299158573</subfield>
  </datafield>
  <datafield tag="020" ind1=" " ind2=" ">
    <subfield code="z">1299158579</subfield>
  </datafield>
  <datafield tag="020" ind1=" " ind2=" ">
    <subfield code="z">9781444333251</subfield>
  </datafield>
  <datafield tag="020" ind1=" " ind2=" ">
    <subfield code="z">1444333259</subfield>
  </datafield>
  <datafield tag="029" ind1="1" ind2=" ">
    <subfield code="a">AU@</subfield>
    <subfield code="b">000050560332</subfield>
  </datafield>
  <datafield tag="029" ind1="1" ind2=" ">
    <subfield code="a">AU@</subfield>
    <subfield code="b">000052555686</subfield>
  </datafield>
  <datafield tag="029" ind1="1" ind2=" ">
    <subfield code="a">DEBSZ</subfield>
    <subfield code="b">431334110</subfield>
  </datafield>
  <datafield tag="029" ind1="1" ind2=" ">
    <subfield code="a">NLGGC</subfield>
    <subfield code="b">357167503</subfield>
  </datafield>
  <datafield tag="029" ind1="1" ind2=" ">
    <subfield code="a">NZ1</subfield>
    <subfield code="b">15340384</subfield>
  </datafield>
  <datafield tag="029" ind1="1" ind2=" ">
    <subfield code="a">NZ1</subfield>
    <subfield code="b">16062191</subfield>
  </datafield>
  <datafield tag="029" ind1="1" ind2=" ">
    <subfield code="a">DEBBG</subfield>
    <subfield code="b">BV043395323</subfield>
  </datafield>
  <datafield tag="035" ind1=" " ind2=" ">
    <subfield code="a">(OCoLC)825550689</subfield>
    <subfield code="z">(OCoLC)827207479</subfield>
    <subfield code="z">(OCoLC)900561591</subfield>
  </datafield>
  <datafield tag="037" ind1=" " ind2=" ">
    <subfield code="a">DE72FD98-41D1-4E53-A900-C6FB8D07D056</subfield>
    <subfield code="b">OverDrive, Inc.</subfield>
    <subfield code="n">http://www.overdrive.com</subfield>
  </datafield>
  <datafield tag="050" ind1=" " ind2="4">
    <subfield code="a">RA761</subfield>
    <subfield code="b">.R87 2013</subfield>
  </datafield>
  <datafield tag="072" ind1=" " ind2="7">
    <subfield code="a">MED</subfield>
    <subfield code="x">028000</subfield>
    <subfield code="2">bisacsh</subfield>
  </datafield>
  <datafield tag="072" ind1=" " ind2="7">
    <subfield code="a">MED</subfield>
    <subfield code="x">037000</subfield>
    <subfield code="2">bisacsh</subfield>
  </datafield>
  <datafield tag="082" ind1="0" ind2="4">
    <subfield code="a">614.4/8</subfield>
    <subfield code="2">23</subfield>
  </datafield>
  <datafield tag="049" ind1=" " ind2=" ">
    <subfield code="a">MAIN</subfield>
  </datafield>
  <datafield tag="245" ind1="0" ind2="0">
    <subfield code="a">Russell, Hugo &amp; Ayliffe's principles and practice of disinfection, preservation and sterilization /</subfield>
    <subfield code="c">edited by Adam P. Fraise, Jean-Yves Maillard, Syed A. Sattar.</subfield>
  </datafield>
  <datafield tag="246" ind1="3" ind2=" ">
    <subfield code="a">Russell, Hugo and Ayliffe's principles and practice of disinfection, preservation and sterilization</subfield>
  </datafield>
  <datafield tag="246" ind1="3" ind2=" ">
    <subfield code="a">Principles and practice of disinfection, preservation and sterilization</subfield>
  </datafield>
  <datafield tag="250" ind1=" " ind2=" ">
    <subfield code="a">5th ed.</subfield>
  </datafield>
  <datafield tag="260" ind1=" " ind2=" ">
    <subfield code="a">Chichester :</subfield>
    <subfield code="b">Wiley-Blackwell,</subfield>
    <subfield code="c">&#xA9;2013.</subfield>
  </datafield>
  <datafield tag="300" ind1=" " ind2=" ">
    <subfield code="a">1 online resource</subfield>
  </datafield>
  <datafield tag="336" ind1=" " ind2=" ">
    <subfield code="a">text</subfield>
    <subfield code="b">txt</subfield>
    <subfield code="2">rdacontent</subfield>
  </datafield>
  <datafield tag="337" ind1=" " ind2=" ">
    <subfield code="a">computer</subfield>
    <subfield code="b">c</subfield>
    <subfield code="2">rdamedia</subfield>
  </datafield>
  <datafield tag="338" ind1=" " ind2=" ">
    <subfield code="a">online resource</subfield>
    <subfield code="b">cr</subfield>
    <subfield code="2">rdacarrier</subfield>
  </datafield>
  <datafield tag="505" ind1="0" ind2="0">
    <subfield code="g">Section 1.</subfield>
    <subfield code="t">Principles. Historical Introduction /</subfield>
    <subfield code="r">Adam P. Fraise --</subfield>
    <subfield code="t">Types of Microbicidal and Microbistatic Agents /</subfield>
    <subfield code="r">Ibrahim Al-Adham, Randa Haddadin, Phillip Collier --</subfield>
    <subfield code="t">Factors Affecting the Activities of Microbicides /</subfield>
    <subfield code="r">Jean-Yves Maillard --</subfield>
    <subfield code="t">Biofilm Recalcitrance : Theories and Mechanisms /</subfield>
    <subfield code="r">Andrew J. McBain, Najib Sufya, Alexander H. Rickard --</subfield>
    <subfield code="t">Mechanisms of Action of Microbicides /</subfield>
    <subfield code="r">Peter A. Lambert --</subfield>
    <subfield code="t">Mechanisms of Bacterial Resistance to Microbicides /</subfield>
    <subfield code="r">Jean-Yves Maillard --</subfield>
    <subfield code="t">Resistance of Bacterial Spores to Chemical Agents /</subfield>
    <subfield code="r">Peter Setlow --</subfield>
    <subfield code="t">Testing of Chemicals as Mycobactericidal Agents /</subfield>
    <subfield code="r">Syed A. Sattar --</subfield>
    <subfield code="t">Fungicidal Activity of Microbicides /</subfield>
    <subfield code="r">Sara Fernandes, Marta Simoes, Nicolina Dias, Cledir Santos, Nelson Lima --</subfield>
    <subfield code="t">Sensitivity and Resistance of Protozoa to Microbicides /</subfield>
    <subfield code="r">Vincent Thomas --</subfield>
    <subfield code="t">Virucidal Activity of Microbicides /</subfield>
    <subfield code="r">Jean-Yves Maillard, Syed A. Sattar, Federica Pinto --</subfield>
    <subfield code="t">Transmissible Spongiform Encephalopathies and Decontamination /</subfield>
    <subfield code="r">Gerald McDonnell --</subfield>
    <subfield code="t">Microbicides : The Double-Edged Sword : Environmental Toxicity and Emerging Resistance /</subfield>
    <subfield code="r">Jean-Marie Pages, Jean-Yves Maillard, Anne Davin-Regli, Susan Springthorpe --</subfield>
    <subfield code="g">Section 2.</subfield>
    <subfield code="t">Practice. Evaluation of Antimicrobial Efficacy /</subfield>
    <subfield code="r">Lawrence Staniforth --</subfield>
    <subfield code="t">Assessing the Efficacy of Professional Healthcare Antiseptics : A Regulatory Perspective /</subfield>
    <subfield code="r">Albert T. Sheldon --</subfield>
    <subfield code="t">Legislation Affecting Disinfectant Products in Europe : The Biocidal Products Directive and the Registration, Evaluation and Authorization of Chemicals Regulations /</subfield>
    <subfield code="r">Jennifer A. Hopkins --</subfield>
    <subfield code="t">Regulatory Authorization of Hard Surface Disinfectants in Canada /</subfield>
    <subfield code="r">Andre G. Craan, Ian A. Chisholm, Shannon C. Wright --</subfield>
    <subfield code="t">United States Regulation of Antimicrobial Pesticides /</subfield>
    <subfield code="r">Sally Hayes --</subfield>
    <subfield code="t">Heat Sterilization /</subfield>
    <subfield code="r">Charles O. Hancock --</subfield>
    <subfield code="t">Radiation Sterilization /</subfield>
    <subfield code="r">Peter A. Lambert --</subfield>
    <subfield code="t">Gaseous Sterilization /</subfield>
    <subfield code="r">Jean-Yves Dusseau, Patrick Duroselle, Jean Freney --</subfield>
    <subfield code="t">Gas Plasma Sterilization /</subfield>
    <subfield code="r">Gerald McDonnell --</subfield>
    <subfield code="t">Filtration Sterilization /</subfield>
    <subfield code="r">Susannah E. Walsh, Stephen P. Denyer --</subfield>
    <subfield code="t">New and Emerging Technologies /</subfield>
    <subfield code="r">Peter A. Burke, Gerald McDonnell --</subfield>
    <subfield code="t">Preservation of Medicines and Cosmetics /</subfield>
    <subfield code="r">Sarah J. Hiom --</subfield>
    <subfield code="t">Sterility Assurance : Concepts, Methods and Problems /</subfield>
    <subfield code="r">Richard Bancroft --</subfield>
    <subfield code="t">Hand Hygiene /</subfield>
    <subfield code="r">Benedetta Allegranzi, Didier Pittet --</subfield>
    <subfield code="t">Decontamination of the Environment and Medical Equipment in Hospitals /</subfield>
    <subfield code="r">Adam P. Fraise --</subfield>
    <subfield code="t">Decontamination of Endoscopes /</subfield>
    <subfield code="r">Michelle J. Alfa, Christina Bradley --</subfield>
    <subfield code="t">Issues Associated with the Decontamination of Laundry and Clinical Waste /</subfield>
    <subfield code="r">Peter Hoffman --</subfield>
    <subfield code="t">Treated Recreational Water Venues /</subfield>
    <subfield code="r">Darla M. Goeres, Philippe Hartemann, John V. Dadswell --</subfield>
    <subfield code="t">Antimicrobial Surfaces /</subfield>
    <subfield code="r">Gareth J. Williams --</subfield>
    <subfield code="t">Antimicrobial Devices /</subfield>
    <subfield code="r">Brendan F. Gilmore, Sean P. Gorman --</subfield>
    <subfield code="t">Antimicrobial Dressings /</subfield>
    <subfield code="r">Valerie Edwards-Jones --</subfield>
    <subfield code="t">Antimicrobial Textiles and Testing Techniques /</subfield>
    <subfield code="r">Robert A. Monticello, Peter D. Askew --</subfield>
    <subfield code="t">Use of Microbicides in Disinfection of Contact Lenses /</subfield>
    <subfield code="r">Patrick J. McCormick, Susan E. Norton, James J. Kaiser --</subfield>
    <subfield code="t">Special Issues in Dentistry /</subfield>
    <subfield code="r">Jonathan L.S. Caplin --</subfield>
    <subfield code="t">Natural Products /</subfield>
    <subfield code="r">Rose Cooper --</subfield>
    <subfield code="t">Applications of Bacteriophage Technology /</subfield>
    <subfield code="r">Geoffrey W. Hanlon --</subfield>
    <subfield code="t">Control of Infectious Bioagents /</subfield>
    <subfield code="r">Les Baillie, Steven Theriault.</subfield>
  </datafield>
  <datafield tag="500" ind1=" " ind2=" ">
    <subfield code="a">Includes index.</subfield>
  </datafield>
  <datafield tag="588" ind1="0" ind2=" ">
    <subfield code="a">Print version record.</subfield>
  </datafield>
  <datafield tag="504" ind1=" " ind2=" ">
    <subfield code="a">Includes bibliographical references and index.</subfield>
  </datafield>
  <datafield tag="520" ind1=" " ind2=" ">
    <subfield code="a">The new edition of this established and highly respected text is THE definitive reference in its field. It details methods for the elimination or prevention/control of microbial growth, and features: New chapters on bioterrorism and community healthcareNew chapters on microbicide regulations in the EU, USA and CanadaLatest material on microbial resistance to microbicidesUpdated material on new and emerging technologies, focusing on special problems in hospitals, dentistry and pharmaceutical practicePractical advice on problems of disinfection and antisepti.</subfield>
  </datafield>
  <datafield tag="650" ind1=" " ind2="0">
    <subfield code="a">Disinfection and disinfectants.</subfield>
  </datafield>
  <datafield tag="650" ind1=" " ind2="0">
    <subfield code="a">Sterilization.</subfield>
  </datafield>
  <datafield tag="650" ind1=" " ind2="0">
    <subfield code="a">Preservation of materials.</subfield>
  </datafield>
  <datafield tag="650" ind1="1" ind2="2">
    <subfield code="a">Disinfection</subfield>
    <subfield code="x">methods.</subfield>
  </datafield>
  <datafield tag="650" ind1="1" ind2="2">
    <subfield code="a">Sterilization</subfield>
    <subfield code="x">methods.</subfield>
  </datafield>
  <datafield tag="650" ind1="2" ind2="2">
    <subfield code="a">Anti-Infective Agents.</subfield>
  </datafield>
  <datafield tag="650" ind1="2" ind2="2">
    <subfield code="a">Preservatives, Pharmaceutical.</subfield>
  </datafield>
  <datafield tag="650" ind1="2" ind2="2">
    <subfield code="a">Drug Resistance, Microbial.</subfield>
  </datafield>
  <datafield tag="650" ind1="2" ind2="2">
    <subfield code="a">Decontamination.</subfield>
  </datafield>
  <datafield tag="650" ind1=" " ind2="4">
    <subfield code="a">Anti-Infective Agents.</subfield>
  </datafield>
  <datafield tag="650" ind1=" " ind2="4">
    <subfield code="a">Decontamination.</subfield>
  </datafield>
  <datafield tag="650" ind1=" " ind2="4">
    <subfield code="a">Disinfection</subfield>
    <subfield code="x">methods.</subfield>
  </datafield>
  <datafield tag="650" ind1=" " ind2="4">
    <subfield code="a">Drug Resistance, Microbial.</subfield>
  </datafield>
  <datafield tag="650" ind1=" " ind2="4">
    <subfield code="a">Preservatives, Pharmaceutical.</subfield>
  </datafield>
  <datafield tag="650" ind1=" " ind2="4">
    <subfield code="a">Sterilization</subfield>
    <subfield code="x">methods.</subfield>
  </datafield>
  <datafield tag="650" ind1=" " ind2="7">
    <subfield code="a">MEDICAL</subfield>
    <subfield code="x">Epidemiology.</subfield>
    <subfield code="2">bisacsh</subfield>
  </datafield>
  <datafield tag="650" ind1=" " ind2="7">
    <subfield code="a">MEDICAL</subfield>
    <subfield code="x">Health Risk Assessment.</subfield>
    <subfield code="2">bisacsh</subfield>
  </datafield>
  <datafield tag="650" ind1=" " ind2="7">
    <subfield code="a">Disinfection and disinfectants.</subfield>
    <subfield code="2">fast</subfield>
    <subfield code="0">(OCoLC)fst00895234</subfield>
  </datafield>
  <datafield tag="650" ind1=" " ind2="7">
    <subfield code="a">Preservation of materials.</subfield>
    <subfield code="2">fast</subfield>
    <subfield code="0">(OCoLC)fst01075689</subfield>
  </datafield>
  <datafield tag="650" ind1=" " ind2="7">
    <subfield code="a">Sterilization.</subfield>
    <subfield code="2">fast</subfield>
    <subfield code="0">(OCoLC)fst01133200</subfield>
  </datafield>
  <datafield tag="655" ind1=" " ind2="4">
    <subfield code="a">Electronic books.</subfield>
  </datafield>
  <datafield tag="700" ind1="1" ind2=" ">
    <subfield code="a">Fraise, Adam P.</subfield>
  </datafield>
  <datafield tag="700" ind1="1" ind2=" ">
    <subfield code="a">Maillard, J.-Y.</subfield>
  </datafield>
  <datafield tag="700" ind1="1" ind2=" ">
    <subfield code="a">Sattar, Syed.</subfield>
  </datafield>
  <datafield tag="776" ind1="0" ind2="8">
    <subfield code="i">Print version:</subfield>
    <subfield code="z">9781444333251</subfield>
  </datafield>
  <datafield tag="856" ind1="4" ind2="0">
    <subfield code="u">http://dx.doi.org/10.1002/9781118425831</subfield>
    <subfield code="z">Wiley Online Library</subfield>
  </datafield>
  <datafield tag="994" ind1=" " ind2=" ">
    <subfield code="a">92</subfield>
    <subfield code="b">DG1</subfield>
  </datafield>
  <datafield tag="999" ind1=" " ind2=" ">
    <subfield code="c">20049</subfield>
    <subfield code="d">20008</subfield>
  </datafield>
  <datafield tag="526" ind1=" " ind2=" ">
    <subfield code="b">env</subfield>
  </datafield>
</record>
